F1 - Tous les pilotes ayant couru pour Renault / Alpine - Statistiques

Statistiques générales
  • Ce quiz a été pris 59 fois
    31 depuis la dernière actualisation
  • Le résultat moyen est 18 sur 27
Statistiques - réponses
Années chez Renault / Alpine Nationalités Pilotes % Correct
2020-2024 France Esteban Ocon
100%
2003-2006 ; 2008-2009 ; 2021-2022 Espagne Fernando Alonso
100%
2023- France Pierre Gasly
100%
2025- Argentine Franco Colapinto
96%
2019-2020 Australie Daniel Ricciardo
91%
2024-2025 Australie Jack Doohan
87%
1981-1983 France Alain Prost
83%
2017-2018 Espagne Carlos Sainz
83%
2017-2019 Allemagne Nico Hülkenberg
83%
2016 Danemark Kevin Magnussen
78%
2008-2009 Brésil Nelson Piquet Jr.
74%
2010 Pologne Robert Kubica
74%
2002-2004 Italie Jarno Trulli
70%
2009 France Romain Grosjean
70%
2005-2007 Italie Giancarlo Fisichella
65%
2004 Canada Jacques Villeneuve
65%
2016-2017 Royaume-Uni Jolyon Palmer
61%
2010 Russie Vitaly Petrov
61%
1977-1981 France Jean-Pierre Jabouille
57%
2007 Finlande Heikki Kovalainen
52%
2002 Royaume-Uni Jenson Button
52%
1979-1982 France René Arnoux
52%
1984-1985 France Patrick Tambay
43%
1984-1985 Royaume-Uni Derek Warwick
17%
1983 Etats-Unis Eddie Cheever
17%
1984 France Philippe Streiff
17%
1985 France François Hesnault
9%
Aucun quiz correspondant
Distribution des résultats
% des personnes avec chaque résultat
Percentile par nombre de réponses
Votre historique - résultats
Vous n’avez pas pris ce quiz depuis la dernière actualisation